000 00638nam a22001937a 4500
999 _c197348
_d197348
005 20230822121116.0
010 _aUR-12150
020 _a9789395400664
_c600.00
035 _aU-10705
037 _bDBAD/PUB
082 _a954.53
100 _aحفظ الرحمان
245 _aتز کرہ صو فیا ء بہار /
_cحفظ الرحمان
246 _aTazkirah-E-Sufiya-E-Bihar /
_bby Hifzur Rahman
260 _aNew Delhi
_bEducational Publishing House
_c2023 ء
270 _aH.o. D1/16, Ansari Road, Darya Ganj
_bNew Delhi
_e110002
300 _a442 ص
_c23cm(Hb)
942 _2ddc
_cUR
_mح ف ظ
_e
_h954.53